Lịch sử thế giới hiện đại 1917 - 1995

Quyển sách gồm hai phần. Phần 1: trình bày những sự kiện lịch sử thế giới từ năm 1917-1945. Phần hai: trình bày những sự kiện lịch sử thế giới hiện đại từ năm 1945-1995.

Wedi'i Gadw mewn:
Manylion Llyfryddiaeth
Prif Awdur: Nguyễn, Anh Thái
Fformat: Llyfr
Iaith:Undetermined
Cyhoeddwyd: Hà Nội Giáo dục Việt Nam 2013
Pynciau:
Tagiau: Ychwanegu Tag
Dim Tagiau, Byddwch y cyntaf i dagio'r cofnod hwn!
Thư viện lưu trữ: Trung tâm Học liệu Trường Đại học Cần Thơ
LEADER 00918nam a2200217Ia 4500
001 CTU_197142
008 210402s9999 xx 000 0 und d
020 |c 90000 
082 |a 909.82 
082 |b Th103 
100 |a Nguyễn, Anh Thái 
245 0 |a Lịch sử thế giới hiện đại 1917 - 1995 
245 0 |c Nguyễn Anh Thái chủ biên 
260 |a Hà Nội 
260 |b Giáo dục Việt Nam 
260 |c 2013 
520 |a Quyển sách gồm hai phần. Phần 1: trình bày những sự kiện lịch sử thế giới từ năm 1917-1945. Phần hai: trình bày những sự kiện lịch sử thế giới hiện đại từ năm 1945-1995. 
650 |a World history,Lịch sử thế giới 
650 |y 1917-1995,1917-1995 
904 |i Nguyên 
980 |a Trung tâm Học liệu Trường Đại học Cần Thơ